1796 1786 1858 1208 1398 1427 1307 1702 1150 1995 1129 1603 1799 1994 1340 1782 1667 1506 1655 1209 1600 1906 1945 1824 1017 1769 1562 1395 1180 1769 1094 1656 1118 1285 1876 1827 1132 1382 1339 1171 1023 1503 1312 1947 1287 1012 1266 1142 1830 1157 1924 1181 1716 1132 1768 1411 1244 1378 1813 1048 1039 1481 1730 1689 1052 1266 1830 1030 1009 1601 1467 1570 1926 1266 1272 1838 1377 1617 1943 1667 1152 1971 1380 1529 1164 1167 1141 1341 1685 1805 1924 1269 1962 1407 1192 1900 1007 1328 1872 BCNSPRNW ULIB Ver.6.0+V

เปลี่ยนเป็นภาษาไทย

Change to English
 แสดงรายละเอียดบรรณานุกรม
  กลับหน้าหลัก

Brief Record : Get Marc (ISO 2709) : E-mail record : QR code < ปิดหน้าต่าง
LEADER : 00000nam 2200000uu 4500
001    13399122413
003     ULIB
008    020711s2551 th a 000 0 tha d
020    9789747074901
020    9747074907
090    นว.^bก361ต
100    กิ่งฉัตร
245    ตามรักคืนใจ/^cกิ่งฉัตร
250    พิมพ์ครั้งที่ 11
260     กรุงเทพฯ^bอรุณ,^c2551
945    ^p325^l0^i15034
999    ^aทศพร เกษรทอง
รายการนี้ยังไม่มีแท็ก
คุณยังไม่ได้ล็อกอิน คุณสามารถมีกิจกรรมร่วมกับเว็บไซต์ได้ แต่ต้องล็อกอินก่อน ::
  ล็อกอิน

รายการสื่อสารสนเทศ

ลำดับที่ ประเภท เลขเรียก/บาร์โค้ด สถานที่ สถานะ
1. นวนิยาย
นวนิยาย
นว. ก361ต ฉ.1 
  Barcode: 15034
ห้องสมุดวิทยาเขตสวรรค์ประชารักษ์
►นวนิยาย
บนชั้น
  ขอยืม

รายการใกล้เคียง
    ผู้แต่ง [กิ่งฉัตร]

BibComment


ยังไม่เคยถูกคอมเมนท์

คอมเมนท์ทรัพยากรรายการนี้
  คอมเมนท์: ตามรักคืนใจ กิ่งฉ..


 Copyright 2026. Bcnsprnw @Library